Orationes [de Demóstenes] : tomus I /

Salvato in:
Dettagli Bibliografici
Autore principale: Demóstenes (autor)
Altri autori: Butcher, S.H. (introducción y notas) (introducción y notas)
Natura: Libro
Lingua:Greco
Serie:(Oxford Classical Texts. Greek)
Soggetti:
Tags: Aggiungi Tag
Nessun Tag, puoi essere il primo ad aggiungerne!!

MARC

LEADER 00000nam^a2200000^a^4500
001 000380038
005 20250526000000.0
009 20260310120544.623
037 |a Acervo ITESO - Biblioteca 
041 |a GRI 
082 |a 885.  |b DEM V. 1 
100 |a Demóstenes  |e (autor) 
240 1 1 |a [Orationes, de Demóstenes] 
240 1 1 |a [Discursos de Demóstenes] 
245 1 0 |a Orationes [de Demóstenes] :  |b tomus I /  |c Demóstenes ; introd. y notas de S.H. Butcher. 
264 |a Londres, Inglaterra :  |b Oxonii,  |c 1949 
300 |a XXIV, 451 p. ;  |c 19.0 cm. 
336 |a texto  |b txt  |2 rdacontenido 
337 |a sin mediación  |b n  |2 rdamedio 
338 |a volumen  |b nc  |2 rdasoporte 
440 1 |a (Oxford Classical Texts.  |p Greek) 
545 0 |a Demóstenes (384-332 a.C.) fue un político, logógrafo y uno de los grandes oradores atenientes que vivieron durante la supremacía de Macedonia. Sus discursos, de carácter judicial y político, resaltan por su elocuencia, su capacidad persuasiva y la mordacidad con que disolvía los argumentos de sus adversarios. Fue un promotor de la democracia como sistema para combatir la tiranía y la ambición de poder. Cuestionó severamente las intenciones políticas del rey Filipo II en sus cuatro Filípicas (351-350 a.C.), en donde sostuvo la necesidad de una coalición antimacedónica, así como en sus tres Olínicas (349 a.C.), en donde incitó al pueblo de la ciudad de Olinta a tomar las armas ante las amenazas y la intervención militar de Filipo. La hostilidad que mantuvo con el político y orador Esquines le llevó a pronunciar sus Discursos sobre la corona (330 a.C.), considerado uno de los mejores discursos judiciales de la historia, para defenderse de las acusaciones de irregularidad e ilegalidad por haber recibido la corona dorada, condecoración que se le otorgó por sus servicios a la ciudad. Entre otros de sus discursos destacados están Para los megalopolitanos (352 a.C.), Sobre la paz (346 a.C.), Sobre la falsa embajada (343 a.C.), o Sobre los asuntos del Quersoneso (341 a.C.). 
561 |a Ex libris de Biblioteca Juniorado San Cayetano 
649 |a XX 
650 |a Oratoria Clásica 
650 |a Oratoria Griega 
650 |a Literatura Clásica 
650 |a Literatura Griega -  |y Siglo IV a.C 
650 |a Literatura Griega -  |y Período Clásico, 479-323 a.C 
650 |a Política -  |z Grecia -  |x Historia -  |y Supremacía Macedónica, 362-323 a.C 
650 |a Política -  |z Grecia -  |x Historia -  |y Período Clásico, 479-323 a.C. 
650 |a Grecia -  |x Historia -  |y Supremacía Macedónica, 362-323 a.C. 
650 |a Grecia -  |x Historia -  |y Período Clásico, 479-323 a.C. 
700 |a Butcher, S.H.  |e (introducción y notas) 
910 |a Fondo General 
920 |a Impresos - Libros 
930 |a Libros Antiguos y Raros 
940 |a Literatura 
905 |a 108 
901 |a 0500274923  |b IT2  |c LRA  |i D78597  |u 20250526 
902 |a https://opac.biblio.iteso.mx/vufind/Record/000380038